Cold as You - Taylor Swift (All Lyrics) - Statistics

General Stats
  • This quiz has been taken 277 times
  • The average score is 199 of 242
Answer Stats
Answer % Correct
I
100%
i
100%
You
100%
you
100%
a
99%
as
99%
cold
99%
never
99%
I've
98%
been
97%
me
94%
And
93%
and
93%
anywhere
93%
to
91%
no
90%
of
90%
Of
90%
the
90%
it
89%
have
88%
I'm
87%
that
87%
what
87%
when
86%
Oh
85%
So
85%
so
85%
here
84%
now
84%
way
84%
but
83%
day
82%
all
80%
for
80%
give
80%
know
80%
shame
80%
cause
79%
not
79%
perfect
79%
through
79%
say
78%
thinking
78%
sitting
77%
away
76%
coming
76%
Just
75%
take
75%
want
75%
do
74%
easily
74%
if
74%
best
73%
given
72%
wanted
72%
did
71%
ending
71%
rainy
71%
very
71%
with
71%
need
70%
walk
69%
thing
68%
will
68%
damn
67%
died
67%
Died
67%
feel
67%
something
67%
them
67%
up
67%
words
67%
cried
66%
there
66%
honey
65%
Every
64%
wouldn't
64%
is
62%
adore
61%
dreamer
61%
little
61%
mess
61%
story
61%
start
60%
use
60%
come
59%
fight
59%
gray
59%
paint
59%
shade
59%
smile
59%
nerve
58%
stood
56%
made
55%
told
55%
great
54%
put
54%
walls
54%
nobody
53%
loving
49%
fake
48%
wished
47%
scars
46%
condescending
45%
defending
43%
Counting
41%
No matching quizzes found
Score Distribution
Percent of People with Each Score
Percentile by Number Answered
Your Score History
You have not taken this quiz